Riconosci il Pokémon - Quiz n°25 - Statistics

Statistiche generali
  • Questo quiz è stato fatto 14 volte
  • Il punteggio medio è 7 su 10
Statistiche sulle risposte
Indizio Risposta % Corretto
Generazione Settima
100%
Tipo Elettro / Folletto
85%
Altezza 1,8 m
69%
Tasso di cattura 3 (1.6%)
69%
Peso 20,5 kg
69%
Abilità Elettrogenesi; Telepatia
69%
Tasso di allevamento Lento
69%
Stadio evoluzione Non si evolve
69%
Sesso Sconosciuto
69%
Pokémon Tapu Koko
69%
Nessun quiz corrispondente trovato
Distribuzione punteggi
Percentuale di utenti per punteggio
Percentile per numero di risposta
I tuoi punteggi nel tempo
Non hai fatto questo quiz